| 000 | 00444nam a22001577a 4500 | ||
|---|---|---|---|
| 020 | _a0023070900 | ||
| 040 | _cNUST | ||
| 082 |
_a620.0023 _bBEA'A |
||
| 100 | _aBeakley, George C | ||
| 110 |
_aEvans, Donovan L, Keats, J. Bert _9132808 |
||
| 245 |
_aEngineering : _b an introduction to a creative profession |
||
| 250 | _a5TH EDITION | ||
| 260 |
_aNew York: _bCollier Macmillan, _c1986. |
||
| 650 | _aENGINEERING DESIGN | ||
| 942 |
_2ddc _cBK |
||
| 999 |
_c615848 _d615848 |
||